DOKBAT 2024 20th International Bata Conference for Ph.D. Students and Young Researchers
Gespeichert in:
| Körperschaft: | |
|---|---|
| Format: | Buch |
| Sprache: | Englisch |
| Veröffentlicht: |
Zlín
Tomas Bata University in Zlín, Faculty of Management and Economics
2024
|
| Ausgabe: | 1st Edition |
| Schlagworte: | |
| Tags: |
Keine Tags, Fügen Sie das erste Tag hinzu!
|
MARC
| LEADER | 00000nlm a2200000 4500 | ||
|---|---|---|---|
| 001 | 0305549 | ||
| 005 | 20250130100456.8 | ||
| 020 | |a 978-80-7678-288-4 | ||
| 041 | 0 | |a eng | |
| 044 | |a CZ | ||
| 245 | 1 | 0 | |a DOKBAT 2024 |b 20th International Bata Conference for Ph.D. Students and Young Researchers |
| 250 | |a 1st Edition | ||
| 264 | 1 | |a Zlín |b Tomas Bata University in Zlín, Faculty of Management and Economics |c 2024 | |
| 300 | |a 283 s. | ||
| 610 | 2 | 0 | |a hospodárstvo odpadové |
| 610 | 2 | 0 | |a neuromarketing |
| 610 | 2 | 0 | |a ekonomika digitálna |
| 610 | 2 | 0 | |a riadenie znalostí |
| 610 | 2 | 0 | |a podnikanie rodinné |
| 110 | 2 | |a DOKBAT 2024. International Bata Conference for Ph.D. Students and Young Researchers | |